00698cam a2200229 a 4500001000800000005001700008008004100025010001700066020003200083040001800115041000800133080001500141082001900156100000700175101000800182245006400190504002600254906004500280942001200325999001700337952011400354380658120180222080518.0851209s1986 enka b 001 0 eng  a 85029590  a0471909890 (pbk.) :c$17.88 aDLCcDLCdDLC aeng a006.66 AMM00a006.66 AMM2191 a28 aSHK10aProgramming principles in computer graphics /cL. Ammeraal. aBibliography: p. 166. a7bcbccorignewd1eocipf19gy-gencatlg 2ddccBK c43199d43199 00102udc40708PËKGa002b002cPËKGd2018-02-22l0o006.66 AMMp002-2999881r2018-02-22w2018-02-22yBK